Parcs Naturals de Barcelona : un passeig / José Agustín Goytisolo un passeig / José Agustín Goytisolo
ISBN:
84-7794-143-2
Publicado:
Barcelona :
Institut d'Edicions de la Diputació de Barcelona : Àmbit Serveis Editorials ,
1991
Descripción Física:
125 p. . principalment il., col. ; 30 cm
Materias:
Espais naturals -- Barcelona (Província)
MARC
| LEADER | 00000nam a2200000Ia 4500 | ||
|---|---|---|---|
| 001 | 16990 | ||
| 008 | 160829s1991 xx 000 0 cat d | ||
| 020 | |a 84-7794-143-2 (Institut d'Edicions) ; 84-87342-06-X (Àmbit Serveis Editorials) | ||
| 080 | |a C-2-376 | ||
| 100 | 1 | |a Goytisolo, José Agustín, |d 1928-1999 |9 37629 | |
| 245 | |a Parcs Naturals de Barcelona : |b un passeig / José Agustín Goytisolo | ||
| 260 | |a Barcelona : |b Institut d'Edicions de la Diputació de Barcelona : |b Àmbit Serveis Editorials, |c 1991 | ||
| 300 | |a 125 p. . principalment il., col. ; |c 30 cm | ||
| 590 | |a Edició amb enquadernació rústica. | ||
| 590 | |a Hi ha un exemplar amb l'enquadernació en cartoné amb R. 9870. | ||
| 590 | |a Hi ha un exemplar en castellà amb R. 16994 | ||
| 650 | 0 | |a Espais naturals |z Barcelona (Província) |9 40638 | |
| 710 | |a Barcelona (Catalunya : Província). |b Institut d'Edicions |9 53854 | ||
| 901 | |a Arxiu | ||
| 942 | |n 1 | ||
| 952 | |0 0 |1 0 |4 0 |6 C2376 |7 1 |9 54820 |a Arxiu |b Arxiu |d 2016-12-01 |l 0 |o C-2-376 |p 16990 |r 2016-12-01 00:00:00 |w 2016-12-01 |y ARXIU | ||
| 999 | |c 58689 |d 58689 | ||